[Event "ODJM B 2024"]
[Site "Willingen GER"]
[Date "2024.05.20"]
[Round "3"]
[White "Wang, Kaiwen"]
[Black "Will, Elina"]
[Result "1-0"]
[Termination "normal"]
[Board "30"]
[WhiteElo "1701"]
[BlackElo "1640"]
[WhiteClock "00:34:43"]
[BlackClock "00:09:09"]
[PlyCount "105"]
[WhiteFideId "16279514"]
[BlackFideId "34623434"]
[EventCountry "GER"]
[EventRounds "9"]
[EventType "swiss"]
[EventDate "2024.05.18"]

1. e4 {[%clk 01:30:57]} {[%emt 00:00:02]} e6 {[%clk 01:30:56]} {[%emt
00:00:04]} 2. d4 {[%clk 01:31:21]} {[%emt 00:00:06]} d5 {[%clk 01:31:20]}
{[%emt 00:00:07]} 3. exd5 {[%clk 01:31:44]} {[%emt 00:00:07]} exd5 {[%clk
01:31:45]} {[%emt 00:00:05]} 4. Bd3 {[%clk 01:32:06]} {[%emt 00:00:08]} c5
{[%clk 01:31:52]} {[%emt 00:00:23]} 5. dxc5 {[%clk 01:32:15]} {[%emt 00:00:21]}
Bxc5 {[%clk 01:32:13]} {[%emt 00:00:07]} 6. Nf3 {[%clk 01:32:26]} {[%emt
00:00:20]} Nc6 {[%clk 01:32:20]} {[%emt 00:00:24]} 7. O-O {[%clk 01:32:32]}
{[%emt 00:00:23]} Nge7 {[%clk 01:31:53]} {[%emt 00:00:58]} 8. c3 {[%clk
01:32:41]} {[%emt 00:00:21]} Bg4 {[%clk 01:31:39]} {[%emt 00:00:43]} 9. h3
{[%emt 00:00:42]} Bxf3 {[%clk 01:31:45]} 10. Qxf3 {[%clk 01:33:07]} {[%emt
00:00:16]} Ne5 {[%clk 01:32:04]} {[%emt 00:00:11]} 11. Bb5+ {[%clk 01:32:52]}
{[%emt 00:00:45]} N7c6 {[%clk 01:31:32]} {[%emt 00:01:01]} 12. Qg3 {[%clk
01:32:29]} {[%emt 00:00:52]} O-O {[%clk 01:30:54]} {[%emt 00:01:09]} 13. Nd2
{[%clk 01:31:30]} {[%emt 00:01:30]} Ng6 {[%clk 01:29:11]} {[%emt 00:02:13]} 14.
Nb3 {[%clk 01:30:42]} {[%emt 00:01:17]} Bb6 {[%clk 01:29:01]} {[%emt 00:00:40]}
15. Qf3 {[%clk 01:29:10]} {[%emt 00:01:50]} Nce5 {[%clk 01:21:55]} {[%emt
00:07:49]} 16. Qd1 {[%clk 01:26:53]} {[%emt 00:02:46]} a6 {[%clk 01:19:24]}
{[%emt 00:03:02]} 17. Be2 {[%clk 01:26:51]} {[%emt 00:00:31]} Re8 {[%clk
01:14:09]} {[%emt 00:05:45]} 18. Nd4 {[%clk 01:21:41]} {[%emt 00:05:39]} Bxd4
{[%clk 01:06:22]} {[%emt 00:08:18]} 19. Qxd4 {[%clk 01:20:30]} {[%emt
00:01:42]} Nc6 {[%clk 01:02:12]} {[%emt 00:04:40]} 20. Qd1 {[%clk 01:18:58]}
{[%emt 00:01:56]} Qd7 {[%clk 01:00:37]} {[%emt 00:02:10]} 21. Bg4 {[%clk
01:17:27]} {[%emt 00:02:00]} f5 {[%clk 01:00:20]} {[%emt 00:00:48]} 22. Bf3
{[%clk 01:17:20]} {[%emt 00:00:34]} Rad8 {[%clk 01:00:15]} {[%emt 00:00:39]}
23. Bg5 {[%clk 01:17:05]} {[%emt 00:00:44]} Nce7 {[%clk 00:50:02]} {[%emt
00:10:43]} 24. Re1 {[%clk 01:14:50]} {[%emt 00:02:44]} h6 {[%clk 00:48:58]}
{[%emt 00:01:35]} 25. Bxe7 {[%clk 01:14:57]} {[%emt 00:00:23]} Rxe7 {[%clk
00:49:15]} {[%emt 00:00:13]} 26. Rxe7 {[%clk 01:13:55]} {[%emt 00:01:33]} Nxe7
{[%clk 00:49:38]} {[%emt 00:00:07]} 27. Qb3 {[%clk 01:13:47]} {[%emt 00:00:35]}
b5 {[%clk 00:42:48]} {[%emt 00:07:23]} 28. Rd1 {[%clk 01:12:29]} {[%emt
00:01:46]} Qc6 {[%clk 00:41:58]} {[%emt 00:01:21]} 29. Re1 {[%clk 01:11:30]}
{[%emt 00:01:26]} Qd6 {[%clk 00:40:32]} {[%emt 00:01:59]} 30. Rd1 {[%clk
01:09:32]} {[%emt 00:02:28]} Qc6 {[%clk 00:40:48]} {[%emt 00:00:14]} 31. Qb4
{[%clk 01:08:57]} {[%emt 00:01:05]} Qd6 {[%clk 00:40:34]} {[%emt 00:00:44]} 32.
Qd4 {[%clk 01:08:38]} {[%emt 00:00:45]} Kf8 {[%clk 00:38:57]} {[%emt 00:02:11]}
33. Rd2 {[%clk 01:06:22]} {[%emt 00:02:45]} Rd7 {[%clk 00:37:01]} {[%emt
00:02:27]} 34. b3 {[%clk 01:06:09]} {[%emt 00:00:43]} Qe6 {[%clk 00:32:55]}
{[%emt 00:04:36]} 35. Re2 {[%clk 01:05:12]} {[%emt 00:01:27]} Qd6 {[%clk
00:31:36]} {[%emt 00:01:49]} 36. g3 {[%clk 01:04:29]} {[%emt 00:01:13]} Nc6
{[%clk 00:29:41]} {[%emt 00:02:25]} 37. Qd3 {[%clk 01:03:43]} {[%emt 00:01:08]}
Ne7 {[%clk 00:26:57]} {[%emt 00:03:23]} 38. Bg2 {[%clk 01:01:50]} {[%emt
00:02:22]} Qc6 {[%clk 00:23:43]} {[%emt 00:03:45]} 39. Rd2 {[%clk 00:59:53]}
{[%emt 00:02:24]} Ke8 {[%clk 00:23:39]} {[%emt 00:00:36]} 40. Qd4 {[%clk
00:58:31]} {[%emt 00:01:47]} Qf6 {[%clk 00:23:23]} {[%emt 00:00:51]} 41. Qe3
{[%clk 00:56:53]} {[%emt 00:02:05]} Kd8 {[%clk 00:23:22]} {[%emt 00:00:35]} 42.
Kh2 {[%clk 00:52:26]} {[%emt 00:04:56]} g5 {[%clk 00:20:26]} {[%emt 00:03:26]}
43. Qd3 {[%clk 00:49:28]} {[%emt 00:03:25]} Qc6 {[%clk 00:20:25]} {[%emt
00:00:34]} 44. Qd4 {[%clk 00:48:35]} {[%emt 00:01:21]} Kc7 {[%clk 00:19:46]}
{[%emt 00:01:10]} 45. Rd3 {[%clk 00:43:54]} {[%emt 00:05:09]} Qb6 {[%clk
00:17:14]} {[%emt 00:03:05]} 46. Qe5+ {[%clk 00:43:38]} {[%emt 00:00:45]} Qd6
{[%clk 00:17:27]} {[%emt 00:00:19]} 47. Qe3 {[%clk 00:43:28]} {[%emt 00:00:36]}
Qb6 {[%clk 00:17:10]} {[%emt 00:00:50]} 48. Qd2 {[%clk 00:43:28]} {[%emt
00:00:28]} Qe6 {[%clk 00:16:19]} {[%emt 00:01:23]} 49. Re3 {[%clk 00:38:30]}
{[%emt 00:05:27]} Qd6 {[%clk 00:16:20]} {[%emt 00:00:30]} 50. Qe2 {[%clk
00:37:21]} {[%emt 00:01:34]} Ng8 {[%clk 00:09:46]} {[%emt 00:07:09]} 51. Re6
{[%clk 00:36:23]} {[%emt 00:01:18]} Qc5 {[%clk 00:08:51]} {[%emt 00:01:34]} 52.
Rxa6 {[%clk 00:35:28]} {[%emt 00:01:26]} Kb7 {[%clk 00:09:09]} {[%emt
00:00:13]} 53. Ra5 {[%clk 00:34:43]} {[%emt 00:01:12]} 1-0

[Event "ODJM B 2024"]
[Site "Willingen GER"]
[Date "2024.05.20"]
[Round "3"]
[White "Er, Sadik Bugra"]
[Black "Brückner, Julian"]
[Result "1-0"]
[Termination "normal"]
[Board "31"]
[WhiteElo "1688"]
[BlackElo "1766"]
[WhiteClock "00:39:37"]
[BlackClock "00:05:09"]
[PlyCount "63"]
[WhiteFideId "34660410"]
[BlackFideId "34630031"]
[EventCountry "GER"]
[EventRounds "9"]
[EventType "swiss"]
[EventDate "2024.05.18"]

1. e4 {[%clk 01:30:40]} {[%emt 00:00:19]} c5 {[%clk 01:30:49]} {[%emt
00:00:12]} 2. Nf3 {[%clk 01:30:58]} {[%emt 00:00:11]} e6 {[%clk 01:31:06]}
{[%emt 00:00:14]} 3. d4 {[%clk 01:31:20]} {[%emt 00:00:07]} cxd4 {[%clk
01:31:14]} {[%emt 00:00:23]} 4. Nxd4 {[%clk 01:31:37]} {[%emt 00:00:12]} Qc7
{[%clk 01:31:09]} {[%emt 00:00:35]} 5. Nc3 {[%clk 01:28:34]} {[%emt 00:03:33]}
Bb4 {[%clk 01:31:05]} {[%emt 00:00:34]} 6. Ndb5 {[%clk 01:24:46]} {[%emt
00:04:19]} Qe5 {[%clk 01:24:16]} {[%emt 00:07:18]} 7. Qf3 {[%clk 01:19:44]}
{[%emt 00:05:31]} Ba5 {[%clk 00:48:30]} {[%emt 00:36:17]} 8. Bf4 {[%clk
01:15:55]} {[%emt 00:04:18]} Qc5 {[%clk 00:44:06]} {[%emt 00:04:56]} 9. Qg3
{[%clk 01:07:38]} {[%emt 00:08:45]} g6 {[%clk 00:28:11]} {[%emt 00:16:27]} 10.
Bxb8 {[%clk 01:05:57]} {[%emt 00:02:11]} a6 {[%clk 00:25:36]} {[%emt 00:03:05]}
11. Nc7+ {[%clk 01:04:40]} {[%emt 00:01:46]} Bxc7 {[%clk 00:25:49]} {[%emt
00:00:17]} 12. Qxc7 {[%clk 00:59:33]} {[%emt 00:05:36]} Qxc7 {[%clk 00:25:32]}
{[%emt 00:00:47]} 13. Bxc7 {[%clk 00:59:18]} {[%emt 00:00:46]} b5 {[%clk
00:25:25]} {[%emt 00:00:37]} 14. Bd3 {[%clk 00:58:39]} {[%emt 00:01:08]} Bb7
{[%clk 00:25:46]} {[%emt 00:00:11]} 15. a3 {[%clk 00:56:29]} {[%emt 00:02:39]}
Rc8 {[%clk 00:25:37]} {[%emt 00:00:39]} 16. Bg3 {[%clk 00:54:25]} {[%emt
00:02:33]} Ne7 {[%clk 00:25:20]} {[%emt 00:00:48]} 17. O-O {[%clk 00:52:45]}
{[%emt 00:02:10]} h5 {[%clk 00:22:31]} {[%emt 00:03:19]} 18. Be5 {[%clk
00:51:32]} {[%emt 00:01:42]} Rh7 {[%clk 00:22:21]} {[%emt 00:00:40]} 19. h4
{[%clk 00:50:50]} {[%emt 00:01:12]} Nc6 {[%clk 00:21:08]} {[%emt 00:01:44]} 20.
Bf6 {[%clk 00:49:06]} {[%emt 00:02:12]} d6 {[%clk 00:18:37]} {[%emt 00:03:03]}
21. f4 {[%clk 00:45:46]} {[%emt 00:03:50]} Kd7 {[%clk 00:17:30]} {[%emt
00:01:37]} 22. Rad1 {[%clk 00:43:57]} {[%emt 00:02:19]} b4 {[%clk 00:14:46]}
{[%emt 00:03:13]} 23. axb4 {[%clk 00:42:21]} {[%emt 00:02:06]} Nxb4 {[%clk
00:15:05]} {[%emt 00:00:11]} 24. Rf2 {[%clk 00:42:11]} {[%emt 00:00:41]} Rc5
{[%clk 00:09:02]} {[%emt 00:06:34]} 25. Rfd2 {[%clk 00:41:22]} {[%emt
00:01:18]} Rc6 {[%clk 00:08:41]} {[%emt 00:00:50]} 26. Bf1 {[%clk 00:40:29]}
{[%emt 00:01:23]} Kc7 {[%clk 00:07:32]} {[%emt 00:01:39]} 27. f5 {[%clk
00:39:30]} {[%emt 00:01:29]} e5 {[%clk 00:05:44]} {[%emt 00:02:19]} 28. Be7
{[%clk 00:38:47]} {[%emt 00:01:13]} gxf5 {[%clk 00:04:56]} {[%emt 00:01:18]}
29. Bxd6+ {[%clk 00:38:40]} {[%emt 00:00:37]} Kc8 {[%clk 00:05:01]} {[%emt
00:00:24]} 30. Bxb4 {[%clk 00:39:04]} {[%emt 00:00:07]} f4 {[%clk 00:05:19]}
{[%emt 00:00:12]} 31. Rd8+ {[%clk 00:39:20]} {[%emt 00:00:15]} Kc7 {[%clk
00:05:09]} {[%emt 00:00:40]} 32. Ba5+ {[%clk 00:39:37]} {[%emt 00:00:12]} 1-0

[Event "ODJM B 2024"]
[Site "Willingen GER"]
[Date "2024.05.20"]
[Round "3"]
[White "Meijers, Jaroslav"]
[Black "Rodriguez, Philipp"]
[Result "0-1"]
[Termination "normal"]
[Board "33"]
[WhiteElo "1704"]
[BlackElo "1663"]
[WhiteClock "00:00:35"]
[BlackClock "00:15:57"]
[PlyCount "80"]
[WhiteFideId "34143297"]
[BlackFideId "34659170"]
[EventCountry "GER"]
[EventRounds "9"]
[EventType "swiss"]
[EventDate "2024.05.18"]

1. d4 {[%clk 01:30:51]} {[%emt 00:00:08]} d5 {[%emt 00:00:09]} 2. c4 {[%clk
01:31:11]} {[%emt 00:00:08]} e6 {[%clk 01:31:17]} {[%emt 00:00:07]} 3. Nc3
{[%clk 01:31:24]} {[%emt 00:00:17]} Bb4 {[%clk 01:31:36]} {[%emt 00:00:10]} 4.
Nf3 {[%clk 01:28:23]} {[%emt 00:03:31]} Nf6 {[%clk 01:31:57]} {[%emt 00:00:09]}
5. Bg5 {[%clk 01:28:05]} {[%emt 00:00:48]} dxc4 {[%clk 01:32:19]} {[%emt
00:00:08]} 6. e3 {[%clk 01:25:15]} {[%emt 00:03:20]} b5 {[%clk 01:32:27]}
{[%emt 00:00:22]} 7. a4 {[%clk 01:18:58]} {[%emt 00:06:48]} c6 {[%clk
01:30:58]} {[%emt 00:01:59]} 8. Be2 {[%clk 01:12:40]} {[%emt 00:06:47]} Bb7
{[%clk 01:27:59]} {[%emt 00:03:29]} 9. Qc2 {[%clk 01:05:32]} {[%emt 00:07:39]}
a6 {[%clk 01:24:57]} {[%emt 00:03:32]} 10. O-O {[%clk 00:59:03]} {[%emt
00:06:58]} Be7 {[%clk 01:24:33]} {[%emt 00:00:53]} 11. Rfb1 {[%clk 00:38:32]}
{[%emt 00:21:02]} Nbd7 {[%clk 01:15:06]} {[%emt 00:09:57]} 12. b3 {[%clk
00:26:05]} {[%emt 00:12:57]} cxb3 {[%clk 01:10:07]} {[%emt 00:05:28]} 13. Qxb3
{[%clk 00:19:04]} {[%emt 00:07:32]} O-O {[%clk 01:00:05]} {[%emt 00:10:32]} 14.
e4 {[%clk 00:06:13]} {[%emt 00:13:21]} Nb6 {[%clk 00:49:57]} {[%emt 00:10:37]}
15. e5 {[%clk 00:05:58]} {[%emt 00:00:46]} Nfd5 {[%clk 00:48:51]} {[%emt
00:01:36]} 16. Bxe7 {[%clk 00:05:38]} {[%emt 00:00:50]} Qxe7 {[%clk 00:48:28]}
{[%emt 00:00:52]} 17. Ne4 {[%clk 00:03:20]} {[%emt 00:02:49]} Rfc8 {[%clk
00:37:30]} {[%emt 00:11:27]} 18. Nd6 {[%clk 00:02:45]} {[%emt 00:01:06]} Rc7
{[%clk 00:36:36]} {[%emt 00:01:23]} 19. Nxb7 {[%clk 00:01:18]} {[%emt
00:01:57]} Rxb7 {[%clk 00:36:54]} {[%emt 00:00:12]} 20. axb5 {[%clk 00:01:34]}
{[%emt 00:00:14]} cxb5 {[%clk 00:32:11]} {[%emt 00:05:13]} 21. Bxb5 {[%clk
00:01:42]} {[%emt 00:00:22]} axb5 {[%clk 00:30:44]} {[%emt 00:01:58]} 22. Qxb5
{[%clk 00:00:58]} {[%emt 00:01:14]} Qe8 {[%clk 00:29:56]} {[%emt 00:01:17]} 23.
Rxa8 {[%emt 00:00:55]} Qxa8 {[%clk 00:30:13]} {[%emt 00:00:11]} 24. h3 {[%clk
00:00:33]} {[%emt 00:00:32]} h6 {[%clk 00:30:18]} {[%emt 00:00:25]} 25. Qc6
{[%clk 00:00:48]} {[%emt 00:00:16]} Rb8 {[%clk 00:29:50]} {[%emt 00:00:57]} 26.
Qd6 {[%clk 00:00:41]} {[%emt 00:00:38]} Rd8 {[%clk 00:28:26]} {[%emt 00:01:53]}
27. Qc5 {[%clk 00:00:45]} {[%emt 00:00:26]} Na4 {[%clk 00:27:07]} {[%emt
00:01:49]} 28. Qc4 {[%clk 00:00:34]} {[%emt 00:00:42]} Nac3 {[%clk 00:27:00]}
{[%emt 00:00:36]} 29. Rb3 {[%clk 00:00:36]} {[%emt 00:00:28]} Rc8 {[%clk
00:26:20]} {[%emt 00:01:09]} 30. Qd3 {[%clk 00:00:34]} {[%emt 00:00:33]} Qa1+
{[%clk 00:24:48]} {[%emt 00:02:02]} 31. Kh2 {[%clk 00:00:52]} {[%emt 00:00:12]}
Qa2 {[%clk 00:23:57]} {[%emt 00:01:21]} 32. Nd2 {[%clk 00:00:35]} {[%emt
00:00:47]} Nd1 {[%clk 00:22:06]} {[%emt 00:02:21]} 33. Rb7 {[%clk 00:00:36]}
{[%emt 00:00:30]} Qa8 {[%clk 00:20:00]} {[%emt 00:02:36]} 34. Rb1 {[%clk
00:00:32]} {[%emt 00:00:35]} N1c3 {[%clk 00:18:50]} {[%emt 00:01:38]} 35. Rb3
{[%clk 00:00:36]} {[%emt 00:00:27]} Nf4 {[%clk 00:18:52]} {[%emt 00:00:27]} 36.
Qg3 {[%clk 00:00:32]} {[%emt 00:00:35]} Nce2 {[%clk 00:18:00]} {[%emt
00:01:21]} 37. Qg4 {[%clk 00:00:31]} {[%emt 00:00:31]} Rc2 {[%clk 00:16:31]}
{[%emt 00:01:59]} 38. Nf3 {[%clk 00:00:31]} {[%emt 00:00:31]} Rc1 {[%clk
00:15:47]} {[%emt 00:01:13]} 39. Nd2 {[%clk 00:00:31]} {[%emt 00:00:30]} Qa1
{[%clk 00:15:38]} {[%emt 00:00:39]} 40. Rb8+ {[%clk 00:00:35]} {[%emt
00:00:27]} Kh7 {[%clk 00:15:57]} {[%emt 00:00:10]} 0-1

[Event "ODJM B 2024"]
[Site "Willingen GER"]
[Date "2024.05.20"]
[Round "3"]
[White "Malan, Jan-Willem"]
[Black "Holterbosch, Ida"]
[Result "1-0"]
[Termination "normal"]
[Board "35"]
[WhiteElo "1664"]
[BlackElo "1750"]
[WhiteClock "00:35:48"]
[BlackClock "00:43:25"]
[PlyCount "78"]
[WhiteFideId "34624260"]
[BlackFideId "16252934"]
[EventCountry "GER"]
[EventRounds "9"]
[EventType "swiss"]
[EventDate "2024.05.18"]

1. c4 {[%clk 01:30:59]} {[%emt 00:00:01]} Nf6 {[%clk 01:30:48]} {[%emt
00:00:12]} 2. g3 {[%clk 01:31:00]} {[%emt 00:00:28]} e6 {[%clk 01:30:57]}
{[%emt 00:00:21]} 3. Bg2 {[%clk 01:31:13]} {[%emt 00:00:18]} d5 {[%clk
01:31:01]} {[%emt 00:00:26]} 4. Nf3 {[%clk 01:31:08]} {[%emt 00:00:34]} Nbd7
{[%clk 01:30:32]} {[%emt 00:00:59]} 5. O-O {[%clk 01:28:04]} {[%emt 00:03:34]}
b6 {[%clk 01:30:21]} {[%emt 00:00:41]} 6. cxd5 {[%clk 01:27:44]} {[%emt
00:00:51]} exd5 {[%clk 01:29:46]} {[%emt 00:01:04]} 7. Nc3 {[%clk 01:25:22]}
{[%emt 00:02:52]} Bb7 {[%clk 01:29:46]} {[%emt 00:00:30]} 8. d3 {[%clk
01:24:56]} {[%emt 00:00:57]} c5 {[%clk 01:28:22]} {[%emt 00:01:53]} 9. Bf4
{[%clk 01:24:34]} {[%emt 00:00:52]} Be7 {[%clk 01:26:59]} {[%emt 00:01:54]} 10.
Nb5 {[%clk 01:19:04]} {[%emt 00:06:00]} O-O {[%clk 01:25:22]} {[%emt 00:02:06]}
11. Nd6 {[%clk 01:17:27]} {[%emt 00:02:07]} Bxd6 {[%clk 01:24:43]} {[%emt
00:01:09]} 12. Bxd6 {[%clk 01:17:12]} {[%emt 00:00:45]} Re8 {[%clk 01:24:20]}
{[%emt 00:00:53]} 13. Bf4 {[%clk 01:17:27]} {[%emt 00:00:15]} Nf8 {[%clk
01:23:15]} {[%emt 00:01:35]} 14. Rb1 {[%clk 01:13:43]} {[%emt 00:04:14]} Ng6
{[%clk 01:22:02]} {[%emt 00:01:43]} 15. Bd2 {[%clk 01:13:40]} {[%emt 00:00:33]}
Qc7 {[%clk 01:21:55]} {[%emt 00:00:36]} 16. Qc2 {[%clk 01:09:42]} {[%emt
00:04:30]} Rac8 {[%clk 01:20:27]} {[%emt 00:01:58]} 17. e3 {[%clk 01:05:06]}
{[%emt 00:05:05]} c4 {[%clk 01:16:17]} {[%emt 00:04:40]} 18. dxc4 {[%clk
01:04:53]} {[%emt 00:00:43]} dxc4 {[%clk 01:16:34]} {[%emt 00:00:11]} 19. Rfc1
{[%clk 01:04:24]} {[%emt 00:01:01]} Be4 {[%clk 01:15:57]} {[%emt 00:01:07]} 20.
Qd1 {[%clk 01:02:23]} {[%emt 00:02:31]} Bxb1 {[%clk 01:16:11]} {[%emt
00:00:17]} 21. Rxb1 {[%clk 01:02:49]} {[%emt 00:00:04]} Rcd8 {[%clk 01:15:28]}
{[%emt 00:01:12]} 22. Qe2 {[%clk 01:00:16]} {[%emt 00:03:03]} Ne4 {[%clk
01:14:28]} {[%emt 00:01:30]} 23. Be1 {[%clk 00:59:05]} {[%emt 00:01:41]} b5
{[%clk 01:12:45]} {[%emt 00:02:13]} 24. Rc1 {[%clk 00:58:48]} {[%emt 00:00:47]}
Qd7 {[%clk 01:03:56]} {[%emt 00:09:18]} 25. Ba5 {[%clk 00:52:50]} {[%emt
00:06:29]} Rc8 {[%clk 01:02:55]} {[%emt 00:01:31]} 26. Nd2 {[%clk 00:51:45]}
{[%emt 00:01:35]} Nxd2 {[%clk 01:02:10]} {[%emt 00:01:16]} 27. Bxd2 {[%clk
00:51:38]} {[%emt 00:00:37]} Ne5 {[%clk 01:01:48]} {[%emt 00:00:51]} 28. Bc3
{[%clk 00:49:29]} {[%emt 00:02:39]} Nd3 {[%clk 01:00:20]} {[%emt 00:01:57]} 29.
Rd1 {[%clk 00:49:19]} {[%emt 00:00:41]} Qc7 {[%clk 00:59:12]} {[%emt 00:01:38]}
30. Qg4 {[%clk 00:42:29]} {[%emt 00:07:20]} Ne5 {[%clk 00:58:30]} {[%emt
00:01:12]} 31. Qh4 {[%clk 00:40:46]} {[%emt 00:02:13]} a5 {[%clk 00:55:40]}
{[%emt 00:03:21]} 32. f4 {[%clk 00:38:57]} {[%emt 00:02:19]} Ng6 {[%clk
00:55:21]} {[%emt 00:00:48]} 33. Qh5 {[%clk 00:38:16]} {[%emt 00:01:10]} b4
{[%clk 00:53:48]} {[%emt 00:02:04]} 34. Bd4 {[%clk 00:38:07]} {[%emt 00:00:39]}
c3 {[%clk 00:52:03]} {[%emt 00:02:15]} 35. bxc3 {[%clk 00:38:08]} {[%emt
00:00:29]} bxc3 {[%clk 00:52:26]} {[%emt 00:00:08]} 36. Rc1 {[%clk 00:38:14]}
{[%emt 00:00:23]} c2 {[%clk 00:52:42]} {[%emt 00:00:13]} 37. Qf5 {[%clk
00:37:41]} {[%emt 00:01:04]} Ne7 {[%clk 00:44:51]} {[%emt 00:08:22]} 38. Qg5
{[%clk 00:35:38]} {[%emt 00:02:33]} g6 {[%clk 00:43:25]} {[%emt 00:01:55]} 39.
Qf6 {[%clk 00:35:48]} {[%emt 00:00:20]} Nf5 {[%emt 00:00:28]} 1-0

[Event "ODJM B 2024"]
[Site "Willingen GER"]
[Date "2024.05.20"]
[Round "3"]
[White "Schmidt, Jan"]
[Black "Ott, Claudius"]
[Result "1/2-1/2"]
[Termination "normal"]
[Board "36"]
[WhiteElo "1663"]
[BlackElo "1674"]
[WhiteClock "00:01:17"]
[BlackClock "00:01:39"]
[PlyCount "65"]
[WhiteFideId "34625682"]
[BlackFideId "34621024"]
[EventCountry "GER"]
[EventRounds "9"]
[EventType "swiss"]
[EventDate "2024.05.18"]

1. e4 {[%clk 01:30:59]} c6 {[%clk 01:30:53]} {[%emt 00:00:08]} 2. d4 {[%clk
01:31:25]} {[%emt 00:00:03]} d5 {[%clk 01:31:16]} {[%emt 00:00:07]} 3. e5
{[%clk 01:31:52]} {[%emt 00:00:03]} Bf5 {[%clk 01:31:33]} {[%emt 00:00:13]} 4.
h4 {[%clk 01:32:17]} {[%emt 00:00:04]} h5 {[%clk 01:31:40]} {[%emt 00:00:19]}
5. Bd3 {[%clk 01:32:42]} {[%emt 00:00:09]} Bxd3 {[%clk 01:31:54]} {[%emt
00:00:16]} 6. Qxd3 {[%clk 01:33:06]} {[%emt 00:00:06]} Qa5+ {[%clk 01:30:50]}
{[%emt 00:01:34]} 7. Nd2 {[%clk 01:30:27]} {[%emt 00:03:09]} e6 {[%clk
01:29:27]} {[%emt 00:01:54]} 8. Ngf3 {[%clk 01:27:19]} {[%emt 00:03:38]} Nh6
{[%clk 01:25:13]} {[%emt 00:04:44]} 9. O-O {[%clk 01:22:05]} {[%emt 00:05:43]}
Nf5 {[%clk 01:21:27]} {[%emt 00:04:16]} 10. g3 {[%clk 01:14:02]} {[%emt
00:08:33]} c5 {[%clk 01:15:30]} {[%emt 00:06:28]} 11. c4 {[%clk 01:06:08]}
{[%emt 00:08:24]} Nc6 {[%clk 00:42:58]} {[%emt 00:33:02]} 12. dxc5 {[%clk
00:33:35]} {[%emt 00:33:02]} Bxc5 {[%clk 00:35:48]} {[%emt 00:07:40]} 13. Kg2
{[%clk 00:28:40]} {[%emt 00:05:25]} Rd8 {[%clk 00:22:16]} {[%emt 00:14:02]} 14.
Nb3 {[%clk 00:21:24]} {[%emt 00:07:47]} Qb6 {[%clk 00:12:53]} {[%emt 00:09:53]}
15. Bf4 {[%clk 00:12:01]} {[%emt 00:09:53]} Ncd4 {[%clk 00:09:56]} {[%emt
00:03:27]} 16. Nxc5 {[%clk 00:08:55]} {[%emt 00:03:35]} Qxc5 {[%clk 00:09:57]}
{[%emt 00:00:29]} 17. Rac1 {[%clk 00:06:15]} {[%emt 00:03:10]} O-O {[%clk
00:05:53]} {[%emt 00:04:34]} 18. Nxd4 {[%clk 00:05:35]} {[%emt 00:01:11]} Qxd4
{[%clk 00:05:47]} {[%emt 00:00:36]} 19. Qxd4 {[%clk 00:05:26]} {[%emt
00:00:39]} Nxd4 {[%clk 00:06:13]} {[%emt 00:00:04]} 20. Rfe1 {[%clk 00:05:04]}
{[%emt 00:00:51]} Rc8 {[%clk 00:04:18]} {[%emt 00:02:26]} 21. cxd5 {[%clk
00:03:15]} {[%emt 00:02:18]} exd5 {[%clk 00:02:23]} {[%emt 00:02:25]} 22. Rxc8
{[%clk 00:03:10]} {[%emt 00:00:36]} Rxc8 {[%clk 00:02:49]} {[%emt 00:00:04]}
23. Rd1 {[%clk 00:02:56]} {[%emt 00:00:44]} Ne2 {[%clk 00:03:05]} {[%emt
00:00:13]} 24. Rxd5 {[%clk 00:02:58]} {[%emt 00:00:28]} Nxf4+ {[%clk 00:03:26]}
{[%emt 00:00:09]} 25. gxf4 {[%clk 00:03:25]} {[%emt 00:00:03]} Rc2 {[%clk
00:03:38]} {[%emt 00:00:18]} 26. Rb5 {[%clk 00:03:34]} {[%emt 00:00:20]} b6
{[%clk 00:03:51]} {[%emt 00:00:18]} 27. f5 {[%clk 00:03:15]} {[%emt 00:00:49]}
Re2 {[%clk 00:03:45]} {[%emt 00:00:36]} 28. Kf3 {[%clk 00:03:20]} {[%emt
00:00:24]} Re1 {[%clk 00:04:05]} {[%emt 00:00:11]} 29. Kf4 {[%clk 00:02:32]}
{[%emt 00:01:18]} Re2 {[%clk 00:03:52]} {[%emt 00:00:43]} 30. f3 {[%clk
00:02:20]} {[%emt 00:00:41]} Rh2 {[%clk 00:02:20]} {[%emt 00:02:02]} 31. Kg5
{[%clk 00:01:32]} {[%emt 00:01:17]} f6+ {[%clk 00:01:26]} {[%emt 00:01:25]} 32.
Kxh5 {[%clk 00:01:13]} {[%emt 00:00:48]} fxe5 {[%clk 00:01:39]} {[%emt
00:00:18]} 33. Kg4 {[%clk 00:01:17]} {[%emt 00:00:24]} 1/2-1/2